[Event "Harrogate 4NCL op-B 29th"]
[Site "Harrogate"]
[Date "2023.01.21"]
[Round "2"]
[White "Donahue, Randolph"]
[Black "Walshaw, David"]
[Result "1-0"]
[WhiteElo "1848"]
[BlackElo "1686"]
[PlyCount "45"]
[EventDate "2023.01.20"]
[EventType "swiss"]
[EventRounds "5"]
[EventCountry "ENG"]
[SourceTitle "CBM 212 Extra"]
[Source "ChessBase"]
[SourceDate "2023.03.31"]
[SourceVersion "1"]
[SourceVersionDate "2023.03.31"]
[SourceQuality "1"]

1. e4 g6 2. d4 Bg7 3. Nc3 c5 4. dxc5 Qa5 5. Bd2 Qxc5 6. Nf3 a6 7. Bd3 Nf6 8. 0-0 0-0 9. Be3 Qc7 10. e5 Ng4 11. Nd5 Qa5 12. Nxe7+ Kh8 13. Bd4 Nxe5 14. Nxe5 Bxe5 15. Bxe5+ Qxe5 16. Re1 Qc5 17. Qf3 Qd4 18. Bxg6 hxg6 19. Nxg6+ Kg7 20. Nxf8 Kxf8 21. Re4 Qb6 22. Rae1 Qd8 23. Qh5 1-0

[Event "Harrogate 4NCL op-B 29th"]
[Site "Harrogate"]
[Date "2023.01.20"]
[Round "1"]
[White "Walshaw, David"]
[Black "Greatorex, Roger"]
[Result "1-0"]
[WhiteElo "1686"]
[BlackElo "1830"]
[PlyCount "49"]
[EventDate "2023.01.20"]
[EventType "swiss"]
[EventRounds "5"]
[EventCountry "ENG"]
[SourceTitle "CBM 212 Extra"]
[Source "ChessBase"]
[SourceDate "2023.03.31"]
[SourceVersion "1"]
[SourceVersionDate "2023.03.31"]
[SourceQuality "1"]

1. e4 c5 2. Nf3 e6 3. d4 cxd4 4. Nxd4 a6 5. Be3 Nf6 6. Nc3 Bb4 7. Bd3 Bxc3+ 8. bxc3 Qc7 9. c4 Nc6 10. 0-0 h5 11. Nxc6 dxc6 12. h3 c5 13. Bg5 Nd7 14. f4 Qd6 15. Qf3 f6 16. Bh4 e5 17. Qg3 Qe7 18. Be2 Kd8 19. fxe5 Nxe5 20. Rad1+ Ke8 21. Rd5 Bd7 22. Rxe5 Qxe5 23. Qxg7 Rf8 24. Bxf6 Qd6 25. Bxh5+ 1-0

[Event "Harrogate 4NCL op 24th"]
[Site "Harrogate"]
[Date "2020.01.19"]
[Round "4"]
[White "Williamson, Graham A"]
[Black "Walshaw, David"]
[Result "1-0"]
[WhiteElo "1809"]
[BlackElo "1631"]
[PlyCount "99"]
[EventDate "2020.01.17"]
[EventType "swiss"]
[EventRounds "5"]
[EventCountry "ENG"]
[SourceTitle "CBM 195 Extra"]
[Source "ChessBase"]
[SourceDate "2020.05.31"]
[SourceVersion "1"]
[SourceVersionDate "2020.05.31"]
[SourceQuality "1"]

1. d4 g6 2. Bf4 Bg7 3. e3 d6 4. Nf3 Nd7 5. c3 e5 6. Bg3 Nh6 7. Bc4 0-0 8. Nbd2 a6 9. a3 b5 10. Ba2 Bb7 11. 0-0 e4 12. Ne1 Kh8 13. c4 Nf5 14. Rc1 Nxg3 15. hxg3 c5 16. Nc2 Qb6 17. dxc5 Nxc5 18. b4 Nd3 19. Rb1 Rac8 20. Qe2 Bc3 21. cxb5 axb5 22. Nb3 Bg7 23. Nbd4 d5 24. f3 f5 25. f4 Rc3 26. Bb3 Bf6 27. g4 fxg4 28. Qxg4 Bc8 29. Qg3 Qb7 30. Kh2 Qd7 31. Rh1 Re8 32. Kg1 Ba6 33. Qxg6 Bxd4 34. Nxd4 Rg8 35. Qxa6 Qg7 36. Rh2 Nxf4 37. Qh6 Rxe3 38. Qxg7+ Rxg7 39. Nf5 Ne2+ 40. Kf2 Rxb3 41. Rxb3 Nc1 42. Nxg7 Nxb3 43. Ne6 d4 44. Rh3 e3+ 45. Ke1 Kg8 46. Nxd4 Nxd4 47. Rxe3 Nc2+ 48. Kd2 Nxe3 49. Kxe3 Kf7 50. Kd4 1-0

[Event "Harrogate 4NCL op 24th"]
[Site "Harrogate"]
[Date "2020.01.17"]
[Round "1"]
[White "Walshaw, David"]
[Black "Stephenson, David W"]
[Result "0-1"]
[WhiteElo "1631"]
[BlackElo "1793"]
[PlyCount "54"]
[EventDate "2020.01.17"]
[EventType "swiss"]
[EventRounds "5"]
[EventCountry "ENG"]
[SourceTitle "CBM 195 Extra"]
[Source "ChessBase"]
[SourceDate "2020.05.31"]
[SourceVersion "1"]
[SourceVersionDate "2020.05.31"]
[SourceQuality "1"]

1. e4 e5 2. Nc3 Nf6 3. f4 d5 4. fxe5 Nxe4 5. Qf3 Nxc3 6. bxc3 c5 7. Qg3 Nc6 8. Bb5 Qb6 9. Bxc6+ Qxc6 10. Nf3 g6 11. 0-0 Bg7 12. d3 0-0 13. Be3 b6 14. Rf2 Be6 15. Bg5 Rfe8 16. Bf6 h5 17. Raf1 Bxf6 18. exf6 Qa4 19. Nh4 Kh7 20. Rf4 Qxc2 21. Nxg6 Rg8 22. Rh4 Rxg6 23. Rxh5+ Kg8 24. Rg5 Bf5 25. Rfxf5 Qc1+ 26. Rf1 Qxg5 27. Qxg5 Rxg5 0-1

[Event "London Classic op U2050-A 11th"]
[Site "London"]
[Date "2019.12.01"]
[Round "4"]
[White "Walshaw, David"]
[Black "Symeonidis, Harry"]
[Result "1/2-1/2"]
[WhiteElo "1654"]
[BlackElo "1730"]
[PlyCount "55"]
[EventDate "2019.11.29"]
[EventType "swiss"]
[EventRounds "5"]
[EventCountry "ENG"]
[SourceTitle "CBM 195 Extra"]
[Source "ChessBase"]
[SourceDate "2020.05.31"]
[SourceVersion "1"]
[SourceVersionDate "2020.05.31"]
[SourceQuality "1"]

1. e4 e6 2. d4 d5 3. Nd2 c5 4. exd5 Qxd5 5. Ngf3 cxd4 6. Bc4 Qd7 7. 0-0 Nf6 8. Nb3 Nc6 9. Nbxd4 Nxd4 10. Nxd4 a6 11. Re1 Qc7 12. Qe2 Bd6 13. h3 0-0 14. Bg5 e5 15. Bxf6 gxf6 16. Nf3 Bf5 17. Nh4 Bg6 18. Qg4 Kh8 19. Nxg6+ fxg6 20. Rad1 f5 21. Qe2 Rad8 22. Rd5 e4 23. Bb3 Bh2+ 24. Kh1 Rxd5 25. Bxd5 Be5 26. c3 Rd8 27. Bb3 Bf6 28. Rd1 1/2-1/2

[Event "South Normanton 4NCL op-B 23rd"]
[Site "South Normanton"]
[Date "2019.10.06"]
[Round "4"]
[White "Walshaw, David"]
[Black "Shore, James R"]
[Result "1-0"]
[WhiteElo "1646"]
[BlackElo "1651"]
[PlyCount "110"]
[EventDate "2019.10.04"]
[EventType "swiss"]
[EventRounds "5"]
[EventCountry "ENG"]
[SourceTitle "CBM 193 Extra"]
[Source "ChessBase"]
[SourceDate "2020.01.31"]
[SourceVersion "1"]
[SourceVersionDate "2020.01.31"]
[SourceQuality "1"]

1. g3 d5 2. Bg2 Nf6 3. d3 e5 4. Nd2 Bc5 5. e3 Bg4 6. Ne2 0-0 7. a3 Nc6 8. b4 Bb6 9. Bb2 d4 10. e4 Ne7 11. h3 Bc8 12. g4 Ng6 13. Nf3 c6 14. Qd2 a5 15. c3 axb4 16. axb4 Rxa1+ 17. Bxa1 dxc3 18. Qxc3 Nd7 19. h4 f6 20. h5 Nf4 21. Nxf4 exf4 22. g5 Bc7 23. Nd4 Ne5 24. gxf6 Rxf6 25. f3 Kh8 26. h6 c5 27. hxg7+ Kxg7 28. Nb5 Nxd3+ 29. Ke2 Be5 30. Qxd3 Qxd3+ 31. Kxd3 Bxa1 32. Rxa1 cxb4 33. Bf1 Bd7 34. Nd4 Ra6 35. Rxa6 bxa6 36. Kc2 Kf6 37. Bxa6 h5 38. Kb3 h4 39. Bf1 h3 40. Kxb4 h2 41. Bg2 Bh3 42. Bh1 Bf1 43. Kc5 Ke5 44. Nf5 Bh3 45. Nh4 Kf6 46. Kd6 Kg5 47. Ng2 Bxg2 48. Bxg2 Kh4 49. e5 Kg3 50. Bh1 Kf2 51. e6 Kg1 52. e7 Kxh1 53. e8Q Kg1 54. Qe1+ Kg2 55. Qe2+ Kg3 1-0

[Event "London Classic U1825 op 10th"]
[Site "London"]
[Date "2018.12.16"]
[Round "4"]
[White "Sainbayar, Anuurai"]
[Black "Walshaw, David"]
[Result "1-0"]
[WhiteElo "1672"]
[BlackElo "1705"]
[PlyCount "46"]
[EventDate "2018.12.14"]
[EventType "swiss"]
[EventRounds "5"]
[EventCountry "ENG"]
[SourceTitle "CBM 187 Extra"]
[Source "ChessBase"]
[SourceDate "2018.11.04"]
[SourceVersion "1"]
[SourceVersionDate "2018.11.04"]
[SourceQuality "1"]

1. e4 g6 2. d4 Bg7 3. Nf3 c5 4. c3 cxd4 5. cxd4 d5 6. e5 Nh6 7. Bf4 e6 8. Bb5+ Bd7 9. Nc3 Bxb5 10. Nxb5 Qa5+ 11. Nc3 0-0 12. Qb3 Qa6 13. Nb5 Nc6 14. 0-0 Rac8 15. Nd6 Rc7 16. Qe3 Nf5 17. Nxf5 exf5 18. Bh6 Re8 19. Rfe1 f6 20. Bxg7 Rxg7 21. Qf4 Rge7 22. exf6 Qxa2 23. fxe7 Rxe7 1-0

[Event "Doncaster 4NCL op-B 18th"]
[Site "Doncaster"]
[Date "2018.04.14"]
[Round "3.7"]
[White "Walshaw, David"]
[Black "Riding, Mick D"]
[Result "0-1"]
[WhiteElo "1685"]
[BlackElo "1866"]
[PlyCount "62"]
[EventDate "2018.04.13"]
[EventType "swiss"]
[EventRounds "5"]
[EventCountry "ENG"]
[SourceTitle "EXT 2023"]
[Source "ChessBase"]
[SourceDate "2022.10.05"]
[SourceVersion "1"]
[SourceVersionDate "2022.10.05"]
[SourceQuality "1"]

1. e4 c5 2. Nf3 g6 3. d4 cxd4 4. Nxd4 Nc6 5. c4 Bg7 6. Be3 Nf6 7. Nc3 d6 8. Be2 0-0 9. Qd2 Qa5 10. Nb3 Qc7 11. Rc1 Be6 12. Nd5 Qb8 13. f3 Bxd5 14. cxd5 Ne5 15. 0-0 Rc8 16. Bg5 Rxc1 17. Rxc1 Qd8 18. Bxf6 Bxf6 19. f4 Nd7 20. Bg4 Rc8 21. Kh1 b6 22. Rc2 Rxc2 23. Qxc2 Nc5 24. Nd2 b5 25. b4 Na4 26. Qc6 Qb6 27. Nf3 Qe3 28. Qe8+ Kg7 29. e5 dxe5 30. fxe5 Bxe5 31. Qxe7 Qc1+ 0-1

[Event "Doncaster 4NCL op-B 18th"]
[Site "Doncaster"]
[Date "2018.04.13"]
[Round "1.11"]
[White "Walshaw, David"]
[Black "Wilson, Kevin J"]
[Result "1-0"]
[WhiteElo "1685"]
[BlackElo "1848"]
[PlyCount "145"]
[EventDate "2018.04.13"]
[EventType "swiss"]
[EventRounds "5"]
[EventCountry "ENG"]
[SourceTitle "EXT 2023"]
[Source "ChessBase"]
[SourceDate "2022.10.05"]
[SourceVersion "1"]
[SourceVersionDate "2022.10.05"]
[SourceQuality "1"]

1. e4 c6 2. d4 d5 3. exd5 cxd5 4. Bd3 Nc6 5. c3 Qc7 6. h3 Nf6 7. Ne2 e6 8. Bf4 Bd6 9. Bxd6 Qxd6 10. Nd2 0-0 11. 0-0 e5 12. dxe5 Nxe5 13. Bc2 Rd8 14. Nd4 Nc6 15. N2f3 a6 16. Re1 Bd7 17. Qd3 g6 18. Qe3 Re8 19. Qh6 Qf8 20. Qg5 Qg7 21. Bb3 Nxd4 22. cxd4 h6 23. Qf4 Be6 24. Rac1 Rac8 25. Rc7 g5 26. Qd6 g4 27. hxg4 Ne4 28. Qb6 Bxg4 29. Nh4 Rxc7 30. Qxc7 Qxd4 31. Qf4 Be6 32. Re3 Qf6 33. Rxe4 Qxf4 34. Rxf4 Rc8 35. Nf5 Rc1+ 36. Kh2 h5 37. Ne7+ Kf8 38. Nxd5 Rb1 39. Nc3 Re1 40. Re4 Rc1 41. Bxe6 fxe6 42. Rxe6 Rc2 43. Rb6 Rxf2 44. Rxb7 Rc2 45. Rb6 Kf7 46. Na4 Rc4 47. Rxa6 Ke7 48. Nc3 Kd7 49. Rb6 Rh4+ 50. Kg1 Rd4 51. a4 Rc4 52. Rb5 h4 53. a5 Rc7 54. a6 Kc8 55. Nd5 Rc1+ 56. Kh2 Ra1 57. Rb6 Ra5 58. Nc3 Kc7 59. Rh6 Kb8 60. b4 Ra3 61. Nd5 Rb3 62. Ne7 Ka7 63. b5 Ra3 64. Nc6+ Kb6 65. Rh5 h3 66. gxh3 Ra2+ 67. Kg3 Ra3+ 68. Kf4 Ra4+ 69. Ke3 Ra3+ 70. Kd4 Ra1 71. Rh8 Kc7 72. a7 Rd1+ 73. Kc3 1-0

[Event "GBR-ch U1900 op 104th"]
[Site "Llandudno"]
[Date "2017.08.03"]
[Round "4"]
[White "Walshaw, David"]
[Black "Connolly Sams, Dietah"]
[Result "1-0"]
[WhiteElo "1691"]
[BlackElo "1565"]
[PlyCount "77"]
[EventDate "2017.07.31"]
[EventType "swiss"]
[EventRounds "5"]
[EventCountry "WLS"]
[SourceTitle "EXT 2019"]
[Source "ChessBase"]
[SourceDate "2018.10.10"]
[SourceVersion "1"]
[SourceVersionDate "2018.10.10"]
[SourceQuality "1"]

1. e4 e6 2. d4 d5 3. Nd2 Nf6 4. e5 Nfd7 5. f4 c5 6. c3 Nc6 7. Ndf3 a6 8. Bd3 cxd4 9. cxd4 Qb6 10. Ne2 Be7 11. 0-0 Nb4 12. Bb1 Nb8 13. Kh1 Bd7 14. a3 N4c6 15. Bd3 Na7 16. Nc3 Nb5 17. Be3 0-0 18. Qc2 g6 19. h4 Nxc3 20. bxc3 Bb5 21. h5 Bxd3 22. Qxd3 Nd7 23. g4 Rfc8 24. f5 exf5 25. gxf5 Nf8 26. f6 Bd8 27. Ng5 Ne6 28. hxg6 hxg6 29. Rg1 Nf8 30. Bd2 Qb5 31. Qe3 Qc6 32. Qh3 Bxf6 33. exf6 Qxf6 34. Raf1 Qh8 35. Qxh8+ Kxh8 36. Rxf7 Re8 37. Re1 Rxe1+ 38. Bxe1 Re8 39. Bg3 1-0

[Event "Wakefield 4NCL op-B 13th"]
[Site "Wakefield"]
[Date "2017.04.09"]
[Round "5.15"]
[White "Taylor, Robert P"]
[Black "Walshaw, David"]
[Result "1-0"]
[WhiteElo "1884"]
[BlackElo "1689"]
[PlyCount "71"]
[EventDate "2017.04.07"]
[EventType "swiss"]
[EventRounds "5"]
[EventCountry "ENG"]
[SourceTitle "EXT 2023"]
[Source "ChessBase"]
[SourceDate "2022.10.05"]
[SourceVersion "1"]
[SourceVersionDate "2022.10.05"]
[SourceQuality "1"]

1. d4 g6 2. Bg5 Bg7 3. c3 d5 4. Nd2 Nf6 5. Ngf3 Nbd7 6. e3 Ne4 7. Bh4 Nxd2 8. Qxd2 Nf6 9. Bd3 Ne4 10. Qc2 f5 11. c4 c5 12. cxd5 Qa5+ 13. Ke2 cxd4 14. exd4 Qxd5 15. Rad1 Be6 16. Qa4+ Bd7 17. Qb4 Nd6 18. Rhe1 h6 19. Bg3 Bf6 20. Kf1 0-0 21. Ne5 Be8 22. b3 b5 23. Nf3 g5 24. Be5 g4 25. Nd2 Bg5 26. Re2 Bxd2 27. Qxd2 Bc6 28. Qxh6 Rf6 29. Bxf6 exf6 30. Re7 Qxg2+ 31. Ke1 Nf7 32. Qxf6 Bd5 33. Qxf5 Qg1+ 34. Kd2 Qg2 35. Rde1 Rf8 36. Qh7# 1-0

[Event "Wakefield 4NCL op-B 13th"]
[Site "Wakefield"]
[Date "2017.04.08"]
[Round "2.25"]
[White "Walshaw, David"]
[Black "Pramod Paleri, Adithya P"]
[Result "0-1"]
[WhiteElo "1689"]
[BlackElo "1579"]
[PlyCount "66"]
[EventDate "2017.04.07"]
[EventType "swiss"]
[EventRounds "5"]
[EventCountry "ENG"]
[SourceTitle "EXT 2023"]
[Source "ChessBase"]
[SourceDate "2022.10.05"]
[SourceVersion "1"]
[SourceVersionDate "2022.10.05"]
[SourceQuality "1"]

1. e4 d6 2. d4 Nf6 3. Nc3 g6 4. f3 c6 5. Be3 Nbd7 6. Qd2 b5 7. Nge2 Rb8 8. g4 Nb6 9. Ng3 Bb7 10. h4 h5 11. g5 Nfd7 12. Rh2 Bg7 13. f4 b4 14. Nd1 c5 15. f5 0-0 16. Nf2 cxd4 17. Bxd4 Ne5 18. Qd1 d5 19. Nxh5 gxh5 20. Qxh5 Nbd7 21. Bb5 dxe4 22. Bxd7 Nf3+ 23. Kd1 Qxd7 24. c3 Bxd4 25. Nd3 Be3 26. Rd2 Nxd2 27. g6 Kg7 28. f6+ Kxf6 29. Qe5+ Kxg6 30. Qg3+ Kh5 31. Qe5+ f5 32. Nf4+ Bxf4 33. Qxf4 Nf3+ 0-1

[Event "Crawley e2e4 Gatwick op U1850"]
[Site "Crawley"]
[Date "2016.05.30"]
[Round "6"]
[White "Lewis, Tim"]
[Black "Walshaw, David"]
[Result "0-1"]
[WhiteElo "1508"]
[BlackElo "1761"]
[PlyCount "98"]
[EventDate "2016.05.27"]
[EventType "swiss"]
[EventRounds "7"]
[EventCountry "ENG"]
[SourceTitle "EXT 2019"]
[Source "ChessBase"]
[SourceDate "2018.10.10"]
[SourceVersion "1"]
[SourceVersionDate "2018.10.10"]
[SourceQuality "1"]

1. e4 g6 2. d4 Bg7 3. Nf3 c5 4. c3 cxd4 5. cxd4 d5 6. e5 Nh6 7. Bd3 Nc6 8. Nc3 Bg4 9. Be3 e6 10. h3 Bxf3 11. Qxf3 Qb6 12. Nb5 0-0 13. g4 f6 14. exf6 Rxf6 15. Qe2 Rff8 16. Bxh6 Bxh6 17. Qxe6+ Kh8 18. Qxd5 Rad8 19. Qc4 a6 20. Na3 Qxb2 21. Nc2 Rxd4 22. Qb3 Qxb3 23. axb3 Rxd3 24. 0-0 Rxb3 25. Rfe1 Rb2 26. Re2 Nb4 27. Nd4 Rxe2 28. Nxe2 Nd3 29. Rb1 Rxf2 30. Rxb7 Rxe2 31. Rb8+ Kg7 32. Rb7+ Kg8 33. g5 Bxg5 34. h4 Bxh4 35. Kh1 Ra2 36. Rd7 Nf2+ 37. Kg1 a5 38. Kh2 a4 39. Rb7 a3 40. Rb8+ Kg7 41. Rb7+ Kh6 42. Ra7 Ra1 43. Ra6 a2 44. Kg2 Nd3 45. Kh2 Nb4 46. Ra5 Rb1 47. Rc5 a1Q 48. Rb5 Rh1+ 49. Kg2 Qf1# 0-1

[Event "Crawley e2e4 Gatwick op U1850"]
[Site "Crawley"]
[Date "2016.05.29"]
[Round "4"]
[White "Covey, Jason"]
[Black "Walshaw, David"]
[Result "1-0"]
[WhiteElo "1620"]
[BlackElo "1761"]
[PlyCount "33"]
[EventDate "2016.05.27"]
[EventType "swiss"]
[EventRounds "7"]
[EventCountry "ENG"]
[SourceTitle "EXT 2019"]
[Source "ChessBase"]
[SourceDate "2018.10.10"]
[SourceVersion "1"]
[SourceVersionDate "2018.10.10"]
[SourceQuality "1"]

1. e4 g6 2. d4 Bg7 3. Nf3 c5 4. c3 cxd4 5. cxd4 Nf6 6. Nc3 0-0 7. Bd3 d5 8. e5 Ne8 9. Qe2 Nc6 10. Be3 Nc7 11. Ng5 f6 12. Nxh7 Kxh7 13. Qh5+ Kg8 14. Bxg6 Re8 15. Qh7+ Kf8 16. Bh6 Ne6 17. Qh8# 1-0

[Event "Crawley e2e4 Gatwick op U1850"]
[Site "Crawley"]
[Date "2016.05.29"]
[Round "5"]
[White "Walshaw, David"]
[Black "Chadwick, Susan E"]
[Result "1/2-1/2"]
[WhiteElo "1761"]
[BlackElo "1436"]
[PlyCount "135"]
[EventDate "2016.05.27"]
[EventType "swiss"]
[EventRounds "7"]
[EventCountry "ENG"]
[SourceTitle "EXT 2019"]
[Source "ChessBase"]
[SourceDate "2018.10.10"]
[SourceVersion "1"]
[SourceVersionDate "2018.10.10"]
[SourceQuality "1"]

1. e4 c5 2. Nf3 d6 3. d4 cxd4 4. Nxd4 Nf6 5. f3 Nc6 6. c4 g6 7. Be3 Bg7 8. Qd2 Bd7 9. Nc3 a6 10. Rc1 Rc8 11. Be2 0-0 12. 0-0 Ne5 13. b3 a5 14. Rfd1 a4 15. Nc2 axb3 16. axb3 Qc7 17. Nb4 Nc6 18. Nbd5 Nxd5 19. Nxd5 Qd8 20. Nb6 Rc7 21. Nxd7 Rxd7 22. c5 Na5 23. Rb1 Nc6 24. b4 Qb8 25. b5 Ne5 26. c6 Rc7 27. f4 Nxc6 28. bxc6 Rxc6 29. Rbc1 Qa8 30. Bb5 Rxc1 31. Rxc1 Rc8 32. Bd7 Rxc1+ 33. Qxc1 Qd8 34. Qc8 Qxc8 35. Bxc8 b5 36. Bg4 Bc3 37. Kf1 b4 38. Bd1 f6 39. Ke2 e5 40. fxe5 dxe5 41. Bc2 Kf8 42. Bd2 Bxd2 43. Kxd2 Kg7 44. h4 Kh6 45. g4 Kg7 46. Bd1 h6 47. Kc2 f5 48. gxf5 gxf5 49. exf5 Kf6 50. Bg4 e4 51. Kb3 e3 52. Kc2 b3+ 53. Kxb3 e2 54. Bxe2 Kxf5 55. Kc4 Kf6 56. h5 Ke6 57. Kd4 Kf6 58. Kd5 Kf5 59. Bd3+ Kf6 60. Kd6 Kg5 61. Bg6 Kf6 62. Kd7 Kg7 63. Ke7 Kg8 64. Kf6 Kh8 65. Be8 Kh7 66. Bc6 Kh8 67. Kg6 Kg8 68. Kxh6 1/2-1/2

[Event "Crawley e2e4 Gatwick op U1950"]
[Site "Crawley"]
[Date "2016.02.20"]
[Round "2"]
[White "Walshaw, David"]
[Black "Tart, Peter K"]
[Result "0-1"]
[WhiteElo "1783"]
[BlackElo "1922"]
[PlyCount "48"]
[EventDate "2016.02.19"]
[EventType "swiss"]
[EventRounds "5"]
[EventCountry "ENG"]
[SourceTitle "EXT 2019"]
[Source "ChessBase"]
[SourceDate "2018.10.10"]
[SourceVersion "1"]
[SourceVersionDate "2018.10.10"]
[SourceQuality "1"]

1. e4 e5 2. Nc3 Nf6 3. f4 d5 4. fxe5 Nxe4 5. Qf3 Nc6 6. Bb5 Nxc3 7. bxc3 Qh4+ 8. g3 Qe4+ 9. Qxe4 dxe4 10. Bxc6+ bxc6 11. Rb1 Bc5 12. Ne2 Be6 13. a4 0-0-0 14. Bb2 Rd5 15. c4 Rd7 16. Nc3 Rd4 17. Rf1 Rhd8 18. Rf4 g5 19. Rxe4 Rxd2 20. Re2 Rxe2+ 21. Kxe2 Bxc4+ 22. Kf3 Rd2 23. Ne4 Bd5 24. c4 Rf2+ 0-1

[Event "BCF-ch U160"]
[Site "Coventry"]
[Date "2015.08.06"]
[Round "4"]
[White "Jazdzewski, Daniel"]
[Black "Walshaw, David"]
[Result "1-0"]
[WhiteElo "1872"]
[BlackElo "1828"]
[PlyCount "87"]
[EventDate "2015.08.03"]
[EventType "swiss"]
[EventRounds "5"]
[EventCountry "ENG"]
[SourceTitle "CBM 167 Extra"]
[Source "ChessBase"]
[SourceDate "2015.09.14"]
[SourceVersion "1"]
[SourceVersionDate "2015.09.14"]
[SourceQuality "1"]

1. Nf3 g6 2. g3 Bg7 3. Bg2 c5 4. 0-0 Nc6 5. e4 d6 6. d3 Nf6 7. Nc3 0-0 8. Bg5 Bd7 9. Qd2 Rb8 10. Bh6 b5 11. Bxg7 Kxg7 12. Nh4 Qb6 13. Kh1 Nd4 14. Ne2 c4 15. dxc4 Nxe2 16. Qxe2 bxc4 17. e5 dxe5 18. Qxe5 Qxb2 19. Qxe7 Qxc2 20. Nf3 Rfe8 21. Qd6 Rb6 22. Qa3 a6 23. Kg1 Bb5 24. Rad1 c3 25. Nd4 Qb2 26. Nxb5 Rxb5 27. Qxb2 Rxb2 28. Rc1 c2 29. Bc6 Rxa2 30. Bxe8 Nxe8 31. Rfe1 Nd6 32. Re2 Ra3 33. Rexc2 Ne4 34. Re2 f5 35. Kg2 a5 36. Rc7+ Kh6 37. h4 a4 38. f3 Nf6 39. Ree7 g5 40. Re6 Ra2+ 41. Kf1 Ra1+ 42. Ke2 Ra2+ 43. Kd1 Kg6 44. Rcc6 1-0

[Event "BCF-ch U140"]
[Site "Aberystwyth"]
[Date "2014.07.25"]
[Round "5"]
[White "Walshaw, David"]
[Black "Clare, Steve"]
[Result "1-0"]
[WhiteElo "134"]
[BlackElo "125"]
[PlyCount "69"]
[EventDate "2014.07.21"]
[EventType "swiss"]
[EventRounds "5"]
[EventCountry "WLS"]
[SourceTitle "EXT 2017"]
[Source "ChessBase"]
[SourceDate "2016.10.25"]
[SourceVersion "1"]
[SourceVersionDate "2016.10.25"]
[SourceQuality "1"]

1. e4 Nf6 2. Nc3 d6 3. f4 Nc6 4. Nf3 Bg4 5. Bb5 a6 6. Bxc6+ bxc6 7. h3 Bc8 8. d3 g6 9. Be3 Bg7 10. Qd2 Rb8 11. 0-0-0 e6 12. g4 Bd7 13. f5 Rb7 14. Bh6 0-0 15. Bxg7 Kxg7 16. Rdg1 exf5 17. gxf5 Qe7 18. h4 Kh8 19. Rg5 Rfb8 20. b3 Nh5 21. fxg6 fxg6 22. Qe3 Qg7 23. e5 Re8 24. Rhg1 Qe7 25. Qd4 c5 26. Qe4 Rb4 27. Qe2 Bf5 28. Nd5 Nf4 29. Nxf4 Rxf4 30. Re1 Bg4 31. Rf1 Qf7 32. Rxg4 Rxg4 33. Ng5 Qd5 34. Qxg4 Kg8 35. Qd7 1-0

[Event "High Wycombe e2e4 Intermediate op 03"]
[Site "High Wycombe"]
[Date "2012.03.16"]
[Round "1"]
[White "Walshaw, David"]
[Black "Ressel, Eva"]
[Result "1-0"]
[WhiteElo "1815"]
[BlackElo "1646"]
[PlyCount "127"]
[EventDate "2012.03.16"]
[EventType "swiss"]
[EventRounds "5"]
[EventCountry "ENG"]
[SourceTitle "EXT 2014"]
[Source "ChessBase"]
[SourceDate "2013.11.20"]
[SourceVersion "1"]
[SourceVersionDate "2013.11.20"]
[SourceQuality "1"]

1. e4 e5 2. Nc3 Nf6 3. f4 exf4 4. e5 Ng8 5. Nf3 Bb4 6. d4 g5 7. h4 Be7 8. Nd5 g4 9. Nxe7 Qxe7 10. Ng5 f6 11. Qxg4 fxg5 12. Qh5+ Qf7 13. Qxf7+ Kxf7 14. hxg5 Ne7 15. Bc4+ Kg7 16. Bxf4 Rf8 17. g3 b6 18. 0-0-0 Ba6 19. Bb3 Nbc6 20. c3 Be2 21. Rde1 Bd3 22. e6 d6 23. d5 Na5 24. Bd1 Bc4 25. Bc2 Rh8 26. Be3 c5 27. dxc6 Naxc6 28. Bf4 Rad8 29. Rh2 Nd5 30. Bd2 Nc7 31. e7 Rd7 32. e8Q Nxe8 33. Rxe8 Rxe8 34. Rxh7+ Kg8 35. Rxd7 Rd8 36. Rxd8+ Nxd8 37. Bb3 Bf7 38. Bxf7+ Nxf7 39. Bf4 Kg7 40. Kd2 Kg6 41. Ke3 Kf5 42. Kd4 Ne5 43. b3 a6 44. Kd5 a5 45. Bxe5 dxe5 46. g6 Kxg6 47. Kxe5 Kf7 48. Kd6 b5 49. Kc5 a4 50. Kxb5 axb3 51. axb3 Ke6 52. Kb6 Ke5 53. c4 Kd4 54. c5 Ke3 55. c6 Kf3 56. c7 Kxg3 57. c8Q Kf3 58. Qe6 Kf4 59. Kc5 Kf3 60. Kd5 Kf4 61. Kd4 Kf3 62. Qe4+ Kg3 63. Ke3 Kh3 64. Kf2 1-0

[Event "High Wycombe e2e4 Major"]
[Site "Uplands Park"]
[Date "2011.10.10"]
[Round "5"]
[White "Walshaw, David"]
[Black "Prior, Stephen"]
[Result "0-1"]
[WhiteElo "1706"]
[BlackElo "1976"]
[PlyCount "76"]
[EventDate "2011.10.07"]
[EventType "swiss"]
[EventRounds "5"]
[EventCountry "ENG"]
[SourceTitle "EXT 2023"]
[Source "ChessBase"]
[SourceDate "2022.10.05"]
[SourceVersion "1"]
[SourceVersionDate "2022.10.05"]
[SourceQuality "1"]

1. e4 d5 2. exd5 Nf6 3. Bb5+ Bd7 4. Be2 Nxd5 5. d4 e6 6. Nf3 c5 7. c4 Nb6 8. 0-0 cxd4 9. Nxd4 Qc7 10. b3 Bd6 11. h3 e5 12. Nf3 0-0 13. Bb2 f5 14. Nc3 Bc6 15. Nb5 Bxb5 16. cxb5 Qe7 17. Re1 e4 18. Bc4+ Nxc4 19. Qd5+ Qf7 20. Qxf7+ Rxf7 21. bxc4 exf3 22. Re8+ Rf8 23. Re6 Bc5 24. Re5 b6 25. Rd1 a6 26. a3 axb5 27. cxb5 Ra7 28. Red5 fxg2 29. Kxg2 h6 30. Kh2 Bxf2 31. R1d2 Bc5 32. R2d3 Re7 33. Be5 Rfe8 34. Bg3 Re2+ 35. Kh1 Bf2 36. Bc7 R2e7 37. Bf4 Bh4 38. Rd6 Re1+ 0-1